Normal view
MARC view
Entry Personal Name
001 - CONTROL NUMBER
- control field: 38930
003 - CONTROL NUMBER IDENTIFIER
- control field: OSt
005 - DATE AND TIME OF LATEST TRANSACTION
- control field: 20230620172100.0
008 - FIXED-LENGTH DATA ELEMENTS
- fixed length control field: 230620|| aca||aabn | a|a d
040 ## - CATALOGING SOURCE
- Original cataloging agency: OSt
- Transcribing agency: OSt
100 ## - HEADING--PERSONAL NAME
- Personal name: Kizhakkeekalam, Baby and Jyothi. K.K.
670 ## - SOURCE DATA FOUND
- Source citation: Work cat.: (OSt)522176: Kizhakkeekalam, Baby and Jyothi. K.K. , Educational attainment and social inclusion of marginalised section: A case study of Chittur black Kerala
